Città che hanno ospitato le finali di Champion's League - Statistics

Statistiche generali
  • Questo quiz è stato fatto 258 volte
    132 dall'ultimo reset
  • Il punteggio medio è 14 su 69
Statistiche sulle risposte
Hint Risposta % Corretto
2016 Milano
64%
2017 Cardiff
59%
2022 Parigi
56%
2007 Atene
54%
2010 Madrid
53%
2005 Istanbul
51%
2020 Lisbona
50%
2009 Roma
50%
2015 Berlino
49%
2018 Kiev
48%
2003 Manchester
42%
2012 Monaco
40%
2019 Madrid
39%
2011 Londra
36%
2014 Lisbona
33%
2013 Londra
33%
1956 Parigi
33%
2008 Mosca
32%
2021 Porto
31%
1996 Roma
29%
2024 Londra
26%
1957 Madrid
23%
2006 Parigi
22%
1994 Atene
21%
1985 Bruxelles
16%
2001 Milano
16%
1989 Barcellona
15%
1999 Barcellona
15%
1992 Londra
15%
1984 Roma
15%
1991 Bari
14%
2002 Glasgow
14%
1963 Londra
14%
1997 Monaco
14%
2004 Gelsenkirchen
13%
1965 Milano
13%
2000 Parigi
13%
1998 Amsterdam
12%
1990 Vienna
12%
1964 Vienna
11%
1995 Vienna
11%
1993 Monaco
10%
1983 Atene
9%
1968 Londra
9%
1971 Londra
9%
1958 Bruxelles
8%
1969 Madrid
8%
2023 Monaco
8%
1978 Londra
7%
1970 Milano
7%
1977 Roma
7%
1962 Amsterdam
6%
1980 Madrid
6%
1979 Monaco
6%
1975 Parigi
6%
1986 Siviglia
6%
1959 Stoccarda
6%
1973 Belgrado
5%
1961 Berna
5%
1966 Bruxelles
5%
1974 Bruxelles
5%
1960 Glasgow
5%
1976 Glasgow
5%
1967 Lisbona
5%
1981 Parigi
5%
1972 Rotterdam
5%
1982 Rotterdam
5%
1988 Stoccarda
5%
1987 Vienna
5%
Nessun quiz corrispondente trovato
Distribuzione punteggi
Percentuale di utenti per punteggio
Percentile per numero di risposta
I tuoi punteggi nel tempo
Non hai fatto questo quiz dall'ultimo reset